The 80/20 CEO : (Record no. 202843)

MARC details
000 -LEADER
fixed length control field 00825nam a2200253 i 4500
005 - DATE AND TIME OF LATEST TRANSACTION
control field 20260125151832.0
008 - FIXED-LENGTH DATA ELEMENTS--GENERAL INFORMATION
fixed length control field 260125t20242024my a gr 001 0bmay d
020 ## - INTERNATIONAL STANDARD BOOK NUMBER
International Standard Book Number 9786297699066
Terms of availability RM71.30
Qualifying information paperback
040 ## - CATALOGING SOURCE
Original cataloging agency PPAK
Language of cataloging eng
Transcribing agency PPAK
Description conventions rda
082 04 - DEWEY DECIMAL CLASSIFICATION NUMBER
Edition number 23
Classification number 658.406
090 00 - LOCALLY ASSIGNED LC-TYPE CALL NUMBER (OCLC); LOCAL CALL NUMBER (RLIN)
Classification number (OCLC) (R) ; Classification number, CALL (RLIN) (NR) 658.406
Feature heading CAN
Feature heading G
100 1# - MAIN ENTRY--PERSONAL NAME
Personal name Canady, Bill,
Relator term author.
245 14 - TITLE STATEMENT
Title The 80/20 CEO :
Remainder of title Take Command of Your Business in 100 Days /
Statement of responsibility, etc. BILL CANADY
264 #1 - PRODUCTION, PUBLICATION, DISTRIBUTION, MANUFACTURE, AND COPYRIGHT NOTICE
Place of production, publication, distribution, manufacture Kuala Lumpur :
Name of producer, publisher, distributor, manufacturer AcePremier.com Sdn Bhd,
Date of production, publication, distribution, manufacture, or copyright notice [2024?]
Date of production, publication, distribution, manufacture, or copyright notice ©2024
300 ## - PHYSICAL DESCRIPTION
Extent 263 pages :
Other physical details illustrations ;
Dimensions 23 cm
336 ## - CONTENT TYPE
Content type term text
Source rdacontent
337 ## - MEDIA TYPE
Media type term unmediated
Source rdamedia
338 ## - CARRIER TYPE
Carrier type term volume
Source rdacarrier
500 ## - GENERAL NOTE
General note Includes index.
650 10 - SUBJECT ADDED ENTRY--TOPICAL TERM
Topical term or geographic name entry element Corporations
General subdivision Growth
Topical term or geographic name entry element Business planning
942 ## - ADDED ENTRY ELEMENTS (KOHA)
Source of classification or shelving scheme Dewey Decimal Classification
Koha item type Book
Holdings
Withdrawn Not for loan Current library Shelving location Date acquired Total Checkouts Full call number Barcode Date last seen Koha item type
    Perpustakaan Alor Setar Pinjaman Dewasa 10/03/2026   658.406 CAN A01908333 10/03/2026 Book
    Perpustakaan Awam Sungai Petani Pinjaman Dewasa 10/03/2026   658.406 CAN A01908334 10/03/2026 Book
    Perpustakaan Kulim Pinjaman Dewasa 10/03/2026   658.406 CAN A01908335 10/03/2026 Book